Normal view
MARC view
- Eales-White, Rupert
Entry Personal Name
001 - CONTROL NUMBER
- control field: 6703
003 - CONTROL NUMBER IDENTIFIER
- control field: OSt
005 - DATE AND TIME OF LATEST TRANSACTION
- control field: 20170522110838.0
008 - FIXED-LENGTH DATA ELEMENTS
- fixed length control field: 170522|| aca||aabn | a|a d
040 ## - CATALOGING SOURCE
- Original cataloging agency: OSt
- Transcribing agency: OSt
100 ## - HEADING--PERSONAL NAME
- Personal name: Eales-White, Rupert
670 ## - SOURCE DATA FOUND
- Source citation: Work cat.: (OSt)0: Eales-White, Rupert, How to be a better teambuilder /, 1996

PORTAL AKMAL
E-MEL JKDM
AKMAL2U
G-BAM
u-PUSTAKA